| 000 | 00513nam a2200169 a 4500 | ||
|---|---|---|---|
| 005 | 20140412111337.0 | ||
| 008 | 031007s19uu xx 00 eng d | ||
| 020 | _a0-7105-1151-5 | ||
| 050 |
_aER _bTh348 19_? |
||
| 100 | _aDavies, Gill | ||
| 245 |
_aThings that move / _ctext by Gill Davies; artwork by Lawrie Taylor. |
||
| 260 |
_aUnited Kingdom : _bPeter Haddock Publishing, _c[n.d.] |
||
| 300 | _a1 v. (unp.) ; ill. | ||
| 440 | _aBig Loveables | ||
| 650 | _aMovements-Juvenile literature | ||
| 999 |
_c105060 _d105060 |
||